| 000 | 01159nam a2200325 a 4500 | ||
|---|---|---|---|
| 999 |
_c447691 _d447691 |
||
| 003 | BLK | ||
| 005 | 20230628143535.0 | ||
| 008 | 180409b bul|||||r ||||||| ||bul|| | ||
| 040 | _aBLK | ||
| 041 |
_aBUL _cBUL |
||
| 080 |
_aПиеси за музикален театър. Либрета _b82-293 _x(497.215)(062) _z82-293(497.215)(062) |
||
| 080 |
_aТеатрална музика. Опера. Оперета. Балет _b782 _x(497.215)(062) _z782(497.215)(062) |
||
| 111 |
_9471262 _aДържавна опера _cРусе _dСезон 1967/68 |
||
| 139 | _bД 96 | ||
| 245 | 1 | 0 |
_aБунтовна песен _bРомантична музикална пиеса от Г. Златев Черкин _h[Малотир. изд.] |
| 257 | _aBGR | ||
| 260 |
_aРусе _c1967 |
||
| 300 |
_a8 с. _c20 см |
||
| 380 | _a7 | ||
| 500 | _aЛибрето Павел Спасов | ||
| 651 | 4 |
_aРусе _9179462 |
|
| 653 | 0 |
_aмузикална пиеса _9471268 |
|
| 852 |
_aК 78/Д 96 _bК |
||
| 856 | 4 | _qpdf | |
| 856 | 4 | _qpdf | |
| 942 |
_cKNG _n0 _s1 _01 |
||
| 944 |
_aCR _c2022-03-08 _l2022-03-08 _kК.Д. |
||
| 999 | _d447691 | ||
| 999 | _d447691 | ||